000 00863nam a2200253Ia 4500
003 OSt
005 20220923213003.0
006 a|||||r|||| 00| 0
007 ta
008 220922b |||||||| |||| 00| 0 hin d
024 _a157,932
037 _cTextual
040 _aARTS
_cARTS
_bhin
041 _2hin
_ahin
082 _aO152,1N37:g, N9
100 _aसोनी, रमेश, संपा.
245 0 _aलम्बी कविताएं और नरेन्द्र मोहन
246 _aLambī kavitāean aur narendra mohana
260 _aदिल्ली
_b नवराज प्रकाशन
_c1999
300 _a224 पृ.
_ccm.
650 _aहिन्दी साहित्य
_9156264
942 _hO152,1N37:g, N9
_cTEXL
_2CC
999 _c312919
_d312919